| 000 | 00685nam a2200289Ia 4500 | ||
|---|---|---|---|
| 008 | 210210b2011 xxu||||| |||| 00| 0 eng d | ||
| 020 | _a9789350350126 | ||
| 041 | _aeng | ||
| 082 | _a361.2 ABRF | ||
| 100 | _aABRAHAM (Anita) | ||
| 245 | _aFormation and management of NGOs: non governmental organisations Ed 3 | ||
| 250 | _a | ||
| 260 |
_aNew Delhi _bUniversal Publication _c2011 |
||
| 300 | _axxiii,617 | ||
| 650 | _aorganisations | ||
| 650 | _aof | ||
| 650 | _anon | ||
| 650 | _aNGOs: | ||
| 650 | _amanagement | ||
| 650 | _agovernmental | ||
| 650 | _aFormation | ||
| 650 | _aEd | ||
| 650 | _aand | ||
| 650 | _a3 | ||
| 690 | _aSocial Action | ||
| 906 | _a066475 | ||
| 999 |
_c147737 _d147737 |
||